Failed Superteams- Malaga CF 2010-2014 - Statistics

General Stats
  • This quiz has been taken 3 times
  • The average score is 12 of 18
Answer Stats
Hint Answer % Correct
Malaga eventually declined year on year from 2013, being relegated to La Liga 2 in what year? 2017/18
100%
Which future 5 time UEFA Champions League was signed that summer from Valencia? Isco
100%
Which two-time Copa del Rey winner signed from Valencia that summer? Joaquin
100%
Which future Premier League winner was appointed manager on 5th November 2010? Manuel Pellegrini
100%
Which legendary No.9 did they sign for free from Hamburger SV in Summer 2011? Ruud Van Nistelrooy
100%
Joaquin, Isco, Demichelis and Toulalan all left in summer 2013 and this led to Malaga finishing where in la liga 2013/14 11th
67%
This put them into the Quarterfinals against Borussia Dortmund who they held to a 0-0 draw at La Rosaleda, however what was the score in the return leg at the Westfalenstadion 3-2
67%
What position did Malaga finish in 2011/12 in La Liga 4th
67%
Where did they finish in 2012/13? 6th
67%
Malaga qualified for the 12/13 UCL playing against Anderlecht, Zenit and who in the group stage? AC Milan
67%
Who knocked them out at the quarter final stages of the Copa del Rey in 2012-13 Barcelona
67%
Which World Cup runner up was signed for €3m that summer? Martin Demichelis
67%
Who was their most expensive signing that summer arriving for €19m from Villarreal? Santi Cazorla
67%
In June 2010, Malaga CF was bought by Sheikh Abdullah bin Nasser bin Abdullah Al Ahmed Al Thani from Lorenzo Sanz. How much did he buy the club for? €36 million
33%
In 2013/14 Malaga was banned from European competition by UEFA for what reason? (one word) Debts
33%
Malaga won 2-0 at home in the 2nd leg of that tie with goals from who? Isco and Santa Cruz
33%
Which future FA Cup winner was signed from Osasuna that summer? Nacho Monreal
33%
Amazingly, Malaga topped their group by 4 points and played who in the Ro16? Porto
33%
No matching quizzes found
Score Distribution
Percent of People with Each Score
Percentile by Number Answered
Your Score History
You have not taken this quiz